Sistemas elementales de conmutación (Record no. 127969)

MARC details
000 -LEADER
campo de control de longitud fija 00742nam a2200181 4500
001 - NÚMERO DE CONTROL
campo de control 127969
003 - IDENTIFICADOR DE NÚMERO DE CONTROL
campo de control ES-MaACL
005 - FECHA Y HORA DE LA ÚLTIMA TRANSACCIÓN
campo de control 20230906193130.0
007 - CAMPO FIJO DE DESCRIPCIÓN FÍSICA--INFORMACIÓN GENERAL
campo de control de longitud fija t|
008 - DATOS DE LONGITUD FIJA--INFORMACIÓN GENERAL
campo de control de longitud fija 070214s1983 sp r ||||1| spa d
100 1# - ENTRADA PRINCIPAL--NOMBRE DE PERSONA
Nombre de persona Rivero Laguna, Jesús.
9 (RLIN) 97704
245 10 - MENCIÓN DEL TÍTULO
Título Sistemas elementales de conmutación
Resto del título : una introducción a su tecnología /
Mención de responsabilidad, etc. por Jesús Rivero Laguna, Javier López Sánchez.
260 ## - PUBLICACIÓN, DISTRIBUCIÓN, ETC.
Lugar de publicación, distribución, etc. Madrid :
Nombre del editor, distribuidor, etc. Escuela Técnica Superior de Ingenieros de Telecomunicación,
Fecha de publicación, distribución, etc. 1983.
300 ## - DESCRIPCIÓN FÍSICA
Extensión IX, 152 p. :
Otras características físicas il. ;
Dimensiones 29 cm.
700 1# - ENTRADA AGREGADA--NOMBRE PERSONAL
Nombre de persona López Sánchez, Javier.
9 (RLIN) 73954
710 2# - ENTRADA AGREGADA--NOMBRE DE ENTIDAD CORPORATIVA
Nombre de entidad corporativa o nombre de jurisdicción como elemento de entrada Universidad Politécnica de Madrid.
Unidad subordinada Escuela Técnica Superior de Ingenieros de Telecomunicación.
9 (RLIN) 7441
852 ## - LOCALIZACIÓN
Ubicación ES-MaACL
Número de control de estantería L-7245
Sublocalización o colección R.107844
Holdings
Estatus retirado Estado de pérdida Estado de daño No para préstamo Biblioteca de origen Biblioteca actual Ubicación en estantería Fecha de adquisición Fuente de adquisición Total de préstamos Signatura topográfica completa Código de barras Visto por última vez Precio de reemplazo Tipo de ítem Koha
        Biblioteca del Ateneo de Madrid Biblioteca del Ateneo de Madrid Depósito 2 17/01/2008     L-7245 1133284 23/02/2023 23/02/2023 Libro impreso